000 00666nam a2200217 4500
003 OSt
005 20240726065815.0
006 a
008 240726b |||||||| |||| 00| 0 eng d
020 _a9789814296694
040 _aDWCL-Main lib.
_cOC
082 _2Philippine edition
_aCirc. 658.8 K96p 2010
100 _aKurtz, David L.
245 _aPrinciples of marketing /
250 _aPhilippine edition
260 _aSingapore :
_bCengage Learning Asia Pte Ltd.,
_cc2010.
300 _b820 pages : illustrations ;
_c23 cm.
504 _aIncludes appendix, glossary and index.
650 _a1. Marketing.
942 _2ddc
_n0
_cBK-CIRC
_ePhilippine edition
_kCirc.
999 _c2818
_d2818